000 00372nam a22001697a 4500
005 20160530093804.0
008 160530b xxu||||| |||| 00| 0 eng d
020 _a0-07-1063535-2
041 _aeng
082 _b5872
100 _aBeri, G.C.
_91467
245 _aMarketing Research
260 _bTMH
_c2004
300 _a439
650 _aManagement
_9241
942 _cBK
999 _c2081
_d2080